MARC details
| 000 -LEADER |
| fixed length control field |
03552nam a2200301 i 4500 |
| 003 - CONTROL NUMBER IDENTIFIER |
| control field |
CSPC |
| 005 - DATE AND TIME OF LATEST TRANSACTION |
| control field |
20260407111958.0 |
| 008 - FIXED-LENGTH DATA ELEMENTS--GENERAL INFORMATION |
| fixed length control field |
260406s2022 ii a b 001 0 eng d |
| 020 ## - INTERNATIONAL STANDARD BOOK NUMBER |
| International Standard Book Number |
9789390780525 |
| 040 ## - CATALOGING SOURCE |
| Original cataloging agency |
CSPC |
| Language of cataloging |
eng |
| Transcribing agency |
CSPC |
| Description conventions |
rda |
| 050 00 - LIBRARY OF CONGRESS CALL NUMBER |
| Classification number |
HB172.5 |
| Item number |
.E28 2022 |
| 082 00 - DEWEY DECIMAL CLASSIFICATION NUMBER |
| Edition number |
23 |
| Classification number |
330.9 |
| Item number |
Ec741 |
| 245 00 - TITLE STATEMENT |
| Title |
Economic impact of COVID-19 and challenges of recovery / |
| Statement of responsibility, etc. |
edited by Wahied Khawar Balwan. |
| 264 #1 - PRODUCTION, PUBLICATION, DISTRIBUTION, MANUFACTURE, AND COPYRIGHT NOTICE |
| Place of production, publication, distribution, manufacture |
New Delhi, India : |
| Name of producer, publisher, distributor, manufacturer |
Random Publications LLP, |
| Date of production, publication, distribution, manufacture, or copyright notice |
2022. |
| 300 ## - PHYSICAL DESCRIPTION |
| Extent |
viii, 268 pages : |
| Other physical details |
illustrations ; |
| Dimensions |
25 cm. |
| 336 ## - CONTENT TYPE |
| Source |
rdacontent |
| Content type term |
text |
| 337 ## - MEDIA TYPE |
| Source |
rdamedia |
| Media type term |
unmediated |
| 338 ## - CARRIER TYPE |
| Source |
rdacarrier |
| Carrier type term |
volume |
| 504 ## - BIBLIOGRAPHY, ETC. NOTE |
| Bibliography, etc. note |
Includes bibliographical references and index. |
| 505 0# - FORMATTED CONTENTS NOTE |
| Formatted contents note |
Introduction -- Managing the territorial impact of COVID-19 crisis and recovery -- Impact of the COVID-19 pandemic on global tourism industry and recovery -- COVID-19 challenges in developing countries -- Coronavirus begins to spread economic gloom worldwide -- Impact of COVID-19 on the Chinese and global economy -- A territorial approach to economic and social crisis -- COVID-19: managing the human and business impact of coronavirus. |
| 520 ## - SUMMARY, ETC. |
| Summary, etc. |
"The regional and local impact of the COVID-19 crisis is highly heterogeneous, with significant implications for crisis management and policy responses. The economic, fiscal and social impact of the COVID-19 crisis on territories is differentiated, and its diverse risks vary greatly depending on location. This regionally differentiated impact calls for a territorial approach to policy responses on the health, economic, social, fiscal fronts, and for very strong inter-governmental coordination. Effective coordination mechanisms among levels of government are essential. "Strong coordination between all actors in charge of the response at central and regional levels is the basis of an effective response" The expenditure effects of COVID-19 on subnational governments are considerable, especially in countries with decentralised service provision, and the revenue effects are even greater. Without sufficient compensation for the extra spending and the revenue losses caused by COVID-19, many subnational governments could be forced to implement sharp cuts on operating and capital spending. This could endanger the efforts for a coordinated recovery response, and weaken the equity and quality of service availability among subnational governments. During this time, leaders that can shift to new ways of working help to reduce potential revenue loss, forge new levels of trust with their workforce, and position their businesses for renewed growth once the pandemic subsides. Consider banking, for example, where social distancing restrictions will push customers towards digital channels for service and increase the need for a connected, responsive team. This book takes an in-depth look at the territorial impact of the COVID-19 crisis across its different dimensions: health, economic, social and fiscal. It provides a comprehensive overview of national and subnational government response measures to manage the vaccination campaigns across levels of government and mitigate the territorial effects of the crisis"-- Back cover. |
| 650 #0 - SUBJECT ADDED ENTRY--TOPICAL TERM |
| Topical term or geographic name entry element |
COVID-19 (Disease) |
| General subdivision |
Economic aspects. |
| 650 #0 - SUBJECT ADDED ENTRY--TOPICAL TERM |
| Topical term or geographic name entry element |
Macroeconomics. |
| 650 #0 - SUBJECT ADDED ENTRY--TOPICAL TERM |
| Topical term or geographic name entry element |
Microeconomics. |
| 700 1# - ADDED ENTRY--PERSONAL NAME |
| Personal name |
Balwan, Wahied Khawar, |
| Relator term |
editor. |
| 942 ## - ADDED ENTRY ELEMENTS (KOHA) |
| Source of classification or shelving scheme |
Dewey Decimal Classification |
| Suppress in OPAC |
No |
| Koha item type |
Books |
| Edition |
23 |
| Classification part |
330.9 |
| Item part |
Ec741 |
| Call number prefix |
GRD |
| Call number suffix |
2022 |